| 000 | 00633nam a2200241Ia 4500 | ||
|---|---|---|---|
| 001 | 1416 | ||
| 003 | GE_BSU | ||
| 008 | 181216s||||||||xx |||||||||||||| ||und|| | ||
| 020 | _a5272002393 | ||
| 040 | _cGE_BSU | ||
| 080 | _a159.9.(075.8)+34(075.8) | ||
| 245 | _aЮридическая психология | ||
| 245 | _cСостав. Т.Н. Курбатова | ||
| 260 | _aСПБ | ||
| 260 | _bПитер | ||
| 260 | _c2001 | ||
| 300 | _a480стр. | ||
| 541 | _h12л. | ||
| 653 | _aПсихология | ||
| 653 | _aЮридическая психология | ||
| 653 | _aფსიქოლოგია | ||
| 942 | _cBK | ||
| 999 |
_c35555 _d35555 |
||